|
|
|
|
| LEADER |
00000nab a2200000 a 4500 |
| 001 |
vtls011109708 |
| 003 |
SK-MaSNL |
| 005 |
20260303150409.0 |
| 008 |
230222|2009 xo |||||||||||||||||eng| |
| 015 |
|
|
|a SNBRB
|
| 035 |
|
|
|a (uuid)22359a06-dd51-46ea-957b-630ba357c3d6
|
| 035 |
|
|
|a (urnnbn)urn:nbn:sk:snk:ar-a08dld
|
| 035 |
|
|
|a urn:nbn:sk:snk-ab9gdz
|
| 040 |
|
|
|a SNKBUCL
|b slo
|c SNKBUCL
|e AACR2
|
| 041 |
0 |
|
|a eng
|
| 044 |
|
|
|a xo
|c SK
|
| 100 |
1 |
|
|a Hajnik, Bartolomej
|4 aut
|9 530418
|
| 245 |
1 |
0 |
|a SUSTAINABLE PARTNERSHIPS - A NECESSITY FOR OUR COMPANIES
|c Bartolomej Hajnik, Peter Sakál
|
| 700 |
1 |
|
|a Sakál, Peter,
|d 1951-
|4 aut
|9 207822
|
| 773 |
0 |
|
|t Vedecké práce Materiálovotechnologickej fakulty Slovenskej technickej univerzity v Bratislave so sídlom v Trnave
|g Č. 26 (2009), s. 13-17
|
| 958 |
|
|
|a OND
|
| 958 |
|
|
|a EUIPO
|
| 958 |
|
|
|a article13
|
| 999 |
|
|
|c 2010348
|d 2012278
|